000 00886nam0a22002771 4500
001 rc\2775462
005 20250806204733.0
035 _a(NLR Aleph) 006901756
090 _a22140
_c22140
100 _a20110915d1941 u y0rusy50 ca
101 0 _arus
102 _aRU
105 _aa j |||||
200 1 _aЛекции по оптике
_fГорьковск. гос. ун-т
210 _aГорький
_cГорьковск. гос. ун-т
_d1941
215 _a70 с.
_cил.
_d20 см.
333 _aНа правах рукописи
700 1 _aГорелик
_bГ.С.
_f1906-1957
_gГабриэль Семенович
701 1 _aЛюбина
_bА.Г.
801 0 _aRU
_bNLR
_gpsbo
801 1 _aRU
_bELAR
_2rusmarc
852 _aNLR
_jФз02 Г-4/160
942 _cBOOK
945 _aРоссийская национальная библиотека
980 _aNB
980 _aBV